| 000 | 01243nam a2200313Ia 4500 | ||
|---|---|---|---|
| 001 | ebr10171521 | ||
| 003 | CaPaEBR | ||
| 006 | m u | ||
| 007 | cr cn||||||||| | ||
| 008 | 061206s2007 enk sb 001 0 eng d | ||
| 020 | _z9781403976345 (hbk.) | ||
| 020 | _z1403976341 (hbk.) | ||
| 040 |
_aCaPaEBR _cCaPaEBR |
||
| 035 | _a(OCoLC)648199555 | ||
| 050 | 1 | 4 |
_aHQ799.7 _b.S225 2007eb |
| 082 | 0 | 4 |
_a305.2420973090511 _222 |
| 100 | 1 | _aSanford, Stephanie. | |
| 245 | 1 | 0 |
_aCivic life in the information age _h[electronic resource] / _cStefanie Sanford. |
| 260 |
_aBasingstoke : _bPalgrave Macmillan, _cc2007. |
||
| 300 | _axiv, 216 p. | ||
| 504 | _aIncludes bibliographical references and index. | ||
| 533 |
_aElectronic reproduction. _bPalo Alto, Calif. : _cebrary, _d2009. _nAvailable via World Wide Web. _nAccess may be limited to ebrary affiliated libraries. |
||
| 650 | 0 |
_aGeneration X _zUnited States _xPolitical activity. |
|
| 650 | 0 |
_aCitizenship _zUnited States. |
|
| 650 | 0 |
_aInternet _xSocial aspects _zUnited States. |
|
| 655 | 7 |
_aElectronic books. _2local |
|
| 710 | 2 | _aebrary, Inc. | |
| 856 | 4 | 0 |
_uhttp://site.ebrary.com/lib/rucke/Doc?id=10171521 _zAn electronic book accessible through the World Wide Web; click to view |
| 999 |
_c248748 _d248748 |
||